[Event "7th European Individual Senior Champion."]
[Site "Hockenheim, Germany"]
[Date "2007.06.09"]
[Round "8.5"]
[White "Ljubarskij, Jurij"]
[Black "Gutman, Lev"]
[Result "1/2-1/2"]
[WhiteElo "2301"]
[BlackElo "2444"]
[PlyCount "121"]
[EventDate "2007.??.??"]

1. e4 c5 2. Nf3 d6 3. d3 Nc6 4. h3 g6 5. g3 Bg7 6. Bg2 Nf6 7. O-O O-O 8. c3 b6
9. Re1 Ba6 10. a4 Ne5 11. Bf1 Nxf3+ 12. Qxf3 Nd7 13. Qd1 Ne5 14. f4 Nc6 15. Bg2
e6 16. Na3 Qd7 17. Nc2 d5 18. e5 f6 19. d4 fxe5 20. dxe5 Rad8 21. b4 cxb4 22.
cxb4 Bc4 23. b5 Ne7 24. Nd4 Nf5 25. Nxf5 gxf5 26. Ba3 Rf7 27. Qd4 Bf8 28. Rec1
Bxa3 29. Rxa3 Qe7 30. Rac3 Rg7 31. Kh2 Kh8 32. Bf1 h5 33. h4 Bxf1 34. Rxf1 Rg4
35. Rfc1 Rdg8 36. Qf2 Qb4 37. Rc6 R8g6 38. Rc8+ Kh7 39. R1c7+ Rg7 40. Rxg7+
Rxg7 41. Qe2 Rg4 42. Rc7+ Kh6 43. Rxa7 Qb3 44. Qf2 Rg8 45. Rd7 Qxa4 46. Rd6
Qxb5 47. Rxb6 Qe8 48. Qe3 Qc8 49. Qd3 Rg6 50. Qa3 Qc2+ 51. Kh3 Qc8 52. Ra6 Qg8
53. Kh2 Rg7 54. Ra8 Qf7 55. Rf8 Qe7 56. Qa8 Qd7 57. Rd8 Qb7 58. Rh8+ Kg6 59.
Qe8+ Qf7 60. Qc6 Rg8 61. Rxg8+ Qxg8 62. Qd7 Qf7 63. Qd8 Kg7 64. Kg2 Kh7 65. Kf2
Qa7+ 66. Ke1 1/2-1/2

[Event "7th European Individual Senior Champion."]
[Site "Hockenheim, Germany"]
[Date "2007.06.09"]
[Round "8.6"]
[White "Pushkov, Nikolai"]
[Black "Khanukov, Boris"]
[Result "0-1"]
[WhiteElo "2522"]
[BlackElo "2358"]
[PlyCount "112"]
[EventDate "2007.??.??"]

1. d4 Nf6 2. Nf3 e6 3. c4 b6 4. Nc3 Bb7 5. a3 Be7 6. d5 d6 7. e4 O-O 8. Be2
Nbd7 9. O-O Nc5 10. Qc2 a5 11. Bg5 Nxd5 12. Bd2 Nxc3 13. Bxc3 Bxe4 14. Qd1 a4
15. Nd2 Bb7 16. Bf3 Bxf3 17. Qxf3 Bf6 18. Rac1 Bxc3 19. Rxc3 f5 20. Re1 Qd7 21.
Nf1 Ne4 22. Rcc1 Rab8 23. Qe2 e5 24. Ne3 Nc5 25. Nd5 e4 26. Rc3 Nd3 27. Rd1 c6
28. Nb4 Nxb4 29. axb4 Rf6 30. Qc2 Ra8 31. f3 Qe6 32. Qf2 c5 33. b5 Re8 34. f4
e3 35. Qe2 Qe4 36. g3 Rg6 37. Rdd3 Rge6 38. Rd1 h6 39. Ra3 Ra8 40. Qd3 e2 41.
Re1 Qd4+ 42. Qxd4 cxd4 43. Rd3 Re4 44. Kf2 Rc8 45. Rxe2 Rxc4 46. Red2 Kf7 47.
Kf3 g5 48. fxg5 hxg5 49. Kf2 Ke6 50. b3 axb3 51. Rxb3 g4 52. Kg2 Rc3 53. Rbb2
Ke5 54. Rb1 Rce3 55. Kf2 d3 56. Rbb2 Re2+ 0-1

[Event "7th European Individual Senior Champion."]
[Site "Hockenheim, Germany"]
[Date "2007.06.09"]
[Round "8.7"]
[White "Fronczek, Heinrich"]
[Black "Farago, Ivan"]
[Result "0-1"]
[WhiteElo "2285"]
[BlackElo "2501"]
[PlyCount "66"]
[EventDate "2007.??.??"]

1. d4 Nf6 2. c4 e6 3. Nf3 b6 4. g3 Ba6 5. Qc2 c5 6. dxc5 Bxc5 7. Bg2 Nc6 8. O-O
Rc8 9. Qa4 Bb7 10. Nc3 O-O 11. e4 Na5 12. Nd2 Ng4 13. Qd1 Ne5 14. b3 Qf6 15.
Ndb1 d5 16. exd5 exd5 17. cxd5 Ba6 18. Ne4 Nf3+ 19. Qxf3 Qxa1 20. Rd1 Qxb1 21.
Bd2 Qc2 22. b4 Bxb4 23. h4 Bxd2 24. Rxd2 Qb1+ 25. Kh2 Nc4 26. Rd1 Qc2 27. Qh5
Rce8 28. Rd4 Rxe4 29. Rxe4 Qxf2 30. Rf4 Qd2 31. Qf3 Ne3 32. d6 Nxg2 33. Qxg2 Qxd6 0-1

[Event "7th European Individual Senior Champion."]
[Site "Hockenheim, Germany"]
[Date "2007.06.09"]
[Round "8.8"]
[White "Neese, Hans-Joachim"]
[Black "Jansa, Vlastimil"]
[Result "0-1"]
[WhiteElo "2287"]
[BlackElo "2499"]
[PlyCount "70"]
[EventDate "2007.??.??"]

1. d4 Nf6 2. c4 g6 3. g3 Bg7 4. Bg2 d5 5. Nf3 dxc4 6. Qa4+ Nfd7 7. O-O O-O 8.
Qxc4 Nc6 9. e3 e5 10. Rd1 exd4 11. exd4 Nb6 12. Qc5 Bg4 13. Be3 Nd5 14. Bg5 Qd7
15. Nc3 Nxc3 16. bxc3 Rfe8 17. Re1 h6 18. Bd2 Be6 19. h4 b6 20. Qa3 Bd5 21. Bf4
Na5 22. Qc1 Qc6 23. Qd1 Nc4 24. Rb1 Bf8 25. Qd3 Rad8 26. Kh2 Qa4 27. Bxc7 Rc8
28. Rxe8 Rxe8 29. Ne5 Bxg2 30. Kxg2 Rc8 31. Nxc4 Rxc7 32. Ne5 Qxa2 33. Re1 Qd5+
34. Nf3 Kg7 35. Re5 Qc4 0-1

[Event "7th European Individual Senior Champion."]
[Site "Hockenheim, Germany"]
[Date "2007.06.09"]
[Round "8.10"]
[White "Chernikov, Oleg L"]
[Black "Ivanets, Vladimir"]
[Result "0-1"]
[WhiteElo "2405"]
[BlackElo "2261"]
[PlyCount "98"]
[EventDate "2007.??.??"]

1. c4 c5 2. Nc3 Nc6 3. Nf3 Nf6 4. g3 g6 5. d4 cxd4 6. Nxd4 Bg7 7. Nc2 O-O 8.
Bg2 d6 9. O-O Be6 10. b3 Qd7 11. Rb1 Bh3 12. e4 h5 13. Bg5 Nh7 14. Bd2 Bxg2 15.
Kxg2 Rad8 16. Qe2 Rfe8 17. Rbd1 e6 18. Qd3 Ne5 19. Qe3 a6 20. h3 Qc8 21. Rc1
Nc6 22. Qf3 Qa8 23. a4 b6 24. Rfd1 Ne5 25. Qe3 Nf6 26. f4 Ned7 27. Qf3 Nc5 28.
Be3 Nfd7 29. e5 Qxf3+ 30. Kxf3 dxe5 31. b4 Nb7 32. Ne4 exf4 33. gxf4 e5 34. Nd6
Nxd6 35. Rxd6 exf4 36. Bxf4 Be5 37. Rd5 Bxf4 38. Kxf4 Nf6 39. Rxd8 Rxd8 40. Ne3
Kg7 41. c5 bxc5 42. bxc5 Rd4+ 43. Kf3 Ne8 44. Rb1 Rxa4 45. c6 Ra3 46. Rb6 Nc7
47. Rb7 Nd5 48. Ke4 Nxe3 49. c7 Nf5 0-1

[Event "7th European Individual Senior Champion."]
[Site "Hockenheim, Germany"]
[Date "2007.06.09"]
[Round "8.11"]
[White "Krieger, Hermann"]
[Black "Rotstein, Efim"]
[Result "0-1"]
[WhiteElo "2223"]
[BlackElo "2371"]
[PlyCount "100"]
[EventDate "2007.??.??"]

1. e4 c5 2. Nf3 e6 3. d4 cxd4 4. Nxd4 Nf6 5. Nc3 d6 6. g4 a6 7. g5 Nfd7 8. Be3
b5 9. Bg2 Bb7 10. Qh5 g6 11. Qh3 b4 12. Nce2 Nc5 13. O-O-O Nbd7 14. Nb3 Qc7 15.
Bd4 e5 16. Nxc5 Nxc5 17. Bxc5 Qxc5 18. Kb1 Be7 19. Qg3 a5 20. h4 a4 21. c3 Qc4
22. Qd3 Qxd3+ 23. Rxd3 Ba6 24. Rd2 Bxe2 25. Rxe2 bxc3 26. bxc3 h6 27. Rd2 hxg5
28. hxg5 Rxh1+ 29. Bxh1 Kd7 30. Rb2 Bxg5 31. Rb7+ Ke6 32. Bf3 Rc8 33. Bd1 Rc4
34. f3 f5 35. exf5+ gxf5 36. Kc2 Rh4 37. Kd3 e4+ 38. fxe4 fxe4+ 39. Kd4 Bf6+
40. Ke3 d5 41. Bxa4 Bxc3 42. Bb3 Kd6 43. Rf7 d4+ 44. Kf2 Rh2+ 45. Kg3 Re2 46.
Rf6+ Ke5 47. Rf1 d3 48. a4 Rb2 49. Bc4 Rb6 50. Bf7 e3 0-1

[Event "7th European Individual Senior Champion."]
[Site "Hockenheim, Germany"]
[Date "2007.06.09"]
[Round "8.12"]
[White "Visser, Gerrit"]
[Black "Arkhangelsky, Boris"]
[Result "0-1"]
[WhiteElo "2240"]
[BlackElo "2355"]
[PlyCount "68"]
[EventDate "2007.??.??"]

1. e4 c5 2. Nf3 d6 3. d4 cxd4 4. Nxd4 Nf6 5. Nc3 g6 6. Be2 Bg7 7. Be3 O-O 8.
O-O Nc6 9. h3 Bd7 10. Qd2 Rc8 11. Rad1 a6 12. f4 Qc7 13. Nxc6 Bxc6 14. Bf3 b5
15. Rf2 Rfd8 16. Nd5 Bxd5 17. exd5 Nd7 18. f5 Ne5 19. fxg6 hxg6 20. c3 a5 21.
Qe2 b4 22. Bd4 Rb8 23. h4 Qc4 24. Qe3 bxc3 25. bxc3 Bf6 26. Qf4 Nd3 27. Rxd3
Qxd3 28. Be4 Qd1+ 29. Kh2 Qh5 30. Bxf6 exf6 31. Qxf6 Qe5+ 32. Qxe5 dxe5 33. Rf6
Kg7 34. Rc6 f5 0-1

[Event "7th European Individual Senior Champion."]
[Site "Hockenheim, Germany"]
[Date "2007.06.09"]
[Round "8.13"]
[White "Ljuboschitz, Alexander"]
[Black "Loktiev, Ivan"]
[Result "1/2-1/2"]
[WhiteElo "2234"]
[BlackElo "2350"]
[PlyCount "28"]
[EventDate "2007.??.??"]

1. e4 c5 2. Nf3 e6 3. d4 cxd4 4. Nxd4 a6 5. Bd3 Bc5 6. Nb3 Ba7 7. O-O Ne7 8.
Qe2 O-O 9. Be3 Bxe3 10. Qxe3 d6 11. N1d2 Qc7 12. f4 Nd7 13. Nf3 Qb6 14. Qxb6
Nxb6 1/2-1/2

[Event "7th European Individual Senior Champion."]
[Site "Hockenheim, Germany"]
[Date "2007.06.09"]
[Round "8.15"]
[White "Gruzmann, Boris"]
[Black "Fischer, Gerd"]
[Result "1-0"]
[WhiteElo "2309"]
[BlackElo "2175"]
[PlyCount "71"]
[EventDate "2007.??.??"]

1. e4 c5 2. Nf3 d6 3. d4 cxd4 4. Nxd4 a6 5. Nc3 Nf6 6. f4 e5 7. Nf3 exf4 8.
Bxf4 Be7 9. Qd2 Nh5 10. Be3 Be6 11. O-O-O Nc6 12. Nd5 Bxd5 13. exd5 Nb8 14. Qb4
b5 15. g4 Nf6 16. g5 Nfd7 17. h4 O-O 18. h5 f6 19. Qe4 fxg5 20. Bd3 Rxf3 21.
Qxh7+ Kf7 22. Bg6+ Kf6 23. Bd4+ Ne5 24. Be4 Kf7 25. Bxe5 Bf6 26. Qg6+ Ke7 27.
Bxf3 Bxe5 28. Qe6+ Kf8 29. h6 gxh6 30. Qxh6+ Bg7 31. Qh8+ Bxh8 32. Rxh8+ Ke7
33. Re1+ Kd7 34. Rh7+ Kc8 35. Bg4+ Nd7 36. Rxd7 1-0

[Event "7th European Individual Senior Champion."]
[Site "Hockenheim, Germany"]
[Date "2007.06.09"]
[Round "8.16"]
[White "Hvenekilde, Jorgen"]
[Black "Rosen, Willy"]
[Result "0-1"]
[WhiteElo "2221"]
[BlackElo "2279"]
[PlyCount "72"]
[EventDate "2007.??.??"]

1. d4 Nf6 2. Nf3 e6 3. Bf4 c5 4. e3 Qb6 5. Nbd2 d5 6. Rb1 Nc6 7. c3 Bd7 8. h3
Be7 9. Bd3 cxd4 10. exd4 Rc8 11. O-O Nh5 12. Bh2 g6 13. g4 Ng7 14. Re1 f6 15.
Nf1 Kf7 16. Qd2 h5 17. Re2 hxg4 18. hxg4 g5 19. b3 Rh3 20. Bg3 Rch8 21. c4 Qd8
22. Ne3 Bc8 23. Kg2 Bd6 24. Rg1 Bf4 25. Bb1 Qd6 26. Kf1 Bxg3 27. fxg3 Rxg3 28.
Rf2 Rxg1+ 29. Nxg1 Rh1 30. Qc2 Ne7 31. cxd5 exd5 32. Rg2 Qf4+ 33. Ke2 Ne6 34.
Nf3 Rh3 35. Rf2 Nxd4+ 36. Nxd4 Qxe3+ 0-1

[Event "7th European Individual Senior Champion."]
[Site "Hockenheim, Germany"]
[Date "2007.06.09"]
[Round "8.17"]
[White "Schippan, Bernd"]
[Black "Stull, Norbert"]
[Result "1-0"]
[WhiteElo "2266"]
[BlackElo "2144"]
[PlyCount "123"]
[EventDate "2007.??.??"]

1. e4 c5 2. Nf3 e6 3. c3 Nf6 4. Bd3 d5 5. e5 Nfd7 6. Bc2 Nc6 7. d4 Be7 8. O-O
O-O 9. Qd3 f5 10. exf6 Nxf6 11. Ng5 e5 12. Nxh7 e4 13. Nxf6+ Bxf6 14. Qd1 cxd4
15. cxd4 Nxd4 16. Nc3 Nxc2 17. Qxc2 Be6 18. Rd1 Rc8 19. Be3 Be5 20. Bd4 Bb8 21.
f3 Qc7 22. f4 Rxf4 23. Qd2 Rcf8 24. g3 Rf3 25. Rf1 Rxf1+ 26. Rxf1 Rxf1+ 27.
Kxf1 Qc4+ 28. Kf2 Bh3 29. Ne2 Bg4 30. Nc3 b5 31. b3 Qc8 32. Qg5 Qf8+ 33. Ke1
Be6 34. Nxd5 Bd6 35. Nf6+ Kf7 36. Nxe4 Bb4+ 37. Ke2 Be7 38. Qf4+ Kg8 39. Qxf8+
Kxf8 40. Bxa7 Bf5 41. Ke3 Kf7 42. Bd4 g6 43. Kf4 Ba3 44. g4 Bc1+ 45. Be3 Bxe3+
46. Kxe3 Bxg4 47. Nd6+ Ke6 48. Nxb5 Kd5 49. Nc3+ Ke5 50. a3 Be6 51. Ne4 Kd5 52.
Nd2 Kc5 53. Kd3 Kd5 54. b4 Bd7 55. Kc3 g5 56. Nb3 g4 57. Nc5 Be8 58. a4 Bf7 59.
a5 Kc6 60. Nb3 Bd5 61. Nd4+ Kb7 62. b5 1-0

[Event "7th European Individual Senior Champion."]
[Site "Hockenheim, Germany"]
[Date "2007.06.09"]
[Round "8.18"]
[White "Van Den Berg, Ad"]
[Black "Sorensen, Bent"]
[Result "1-0"]
[WhiteElo "2204"]
[BlackElo "2258"]
[PlyCount "63"]
[EventDate "2007.??.??"]

1. e4 e6 2. d4 d5 3. Nc3 Bb4 4. e5 c5 5. Qg4 Kf8 6. dxc5 Nc6 7. Bd2 Bxc5 8. Qg3
Nge7 9. Bd3 Nb4 10. Na4 Nxd3+ 11. Qxd3 Qc7 12. Nf3 Bd7 13. Nxc5 Qxc5 14. Nd4
Nc6 15. Nb3 Qe7 16. f4 g6 17. Be3 b6 18. O-O-O Kg7 19. Kb1 Rhc8 20. a3 Na5 21.
Nxa5 bxa5 22. Bd4 Kg8 23. g4 Ba4 24. Rd2 Rab8 25. h4 Kf8 26. f5 Ke8 27. h5 Qg5
28. hxg6 hxg6 29. fxe6 fxe6 30. Rh8+ Kd7 31. Rh7+ Kd8 32. Qf3 1-0

[Event "7th European Individual Senior Champion."]
[Site "Hockenheim, Germany"]
[Date "2007.06.09"]
[Round "8.20"]
[White "Dotan, Valeria"]
[Black "Erenska-Barlo, Hanna"]
[Result "1/2-1/2"]
[WhiteElo "2075"]
[BlackElo "2246"]
[PlyCount "73"]
[EventDate "2007.??.??"]

1. Nf3 Nf6 2. c4 e6 3. Nc3 d5 4. d4 Be7 5. Bg5 O-O 6. e3 Nbd7 7. cxd5 exd5 8.
Bd3 Re8 9. O-O c6 10. Rb1 a5 11. a3 Ne4 12. Bxe7 Qxe7 13. Qc2 Nf8 14. Ne5 f6
15. Nf3 Kh8 16. Rfe1 Bg4 17. Bxe4 dxe4 18. Nd2 f5 19. Ne2 Bxe2 20. Rxe2 Nd7 21.
b4 axb4 22. axb4 Nb6 23. Qc5 Nd5 24. Qxe7 Rxe7 25. Ree1 g6 26. Rec1 f4 27. exf4
Nxf4 28. Re1 Ra2 29. Rxe4 Ne2+ 30. Kf1 Rxe4 31. Nxe4 Nxd4 32. Rd1 Ne6 33. Nc5
Nxc5 34. bxc5 Rc2 35. g3 g5 36. g4 Kg7 37. Kg2 1/2-1/2

[Event "7th European Individual Senior Champion."]
[Site "Hockenheim, Germany"]
[Date "2007.06.09"]
[Round "8.21"]
[White "Kuznetsova, Luba"]
[Black "Bogorads, Mihails"]
[Result "1/2-1/2"]
[WhiteElo "2064"]
[BlackElo "2245"]
[PlyCount "109"]
[EventDate "2007.??.??"]

1. Nf3 c5 2. c4 Nc6 3. g3 g6 4. Bg2 Bg7 5. O-O d6 6. d3 Rb8 7. Nc3 a6 8. a4 a5
9. Bd2 Bd7 10. h3 h5 11. h4 Nh6 12. Qc1 Nf5 13. Re1 Nb4 14. Ra3 Bc6 15. Nb5 O-O
16. e4 Nd4 17. Nbxd4 cxd4 18. Ng5 Qb6 19. Qd1 Na6 20. Bc1 Nc5 21. b3 Qb4 22.
Nh3 Nxd3 23. Rf1 Nxc1 24. Qxc1 Rbc8 25. Rd1 b5 26. axb5 Bxb5 27. Nf4 Bc6 28.
Nd3 Qb7 29. Qd2 Ra8 30. Rda1 Rfb8 31. f3 Kh7 32. Rb1 e6 33. Rxa5 Rxa5 34. Qxa5
Ra8 35. Qe1 Qb6 36. Bf1 Bh6 37. f4 e5 38. Rb2 exf4 39. gxf4 Ra3 40. b4 Rc3 41.
c5 Qb7 42. cxd6 Rxd3 43. Bxd3 Bxf4 44. e5 Be3+ 45. Kf1 Bg2+ 46. Rxg2 Qf3+ 47.
Rf2 Bxf2 48. Bxg6+ fxg6 49. Qxf2 Qd1+ 50. Kg2 Qg4+ 51. Kh2 d3 52. Qf7+ Kh8 53.
d7 Qe2+ 54. Kg1 Qg4+ 55. Kf1 1/2-1/2

[Event "7th European Individual Senior Champion."]
[Site "Hockenheim, Germany"]
[Date "2007.06.09"]
[Round "8.22"]
[White "Bakhmatov, Eduard"]
[Black "Mesiarik, Rudolf"]
[Result "1-0"]
[WhiteElo "2351"]
[BlackElo "2167"]
[PlyCount "115"]
[EventDate "2007.??.??"]

1. e4 c5 2. Nf3 Nc6 3. d4 cxd4 4. Nxd4 e5 5. Nb5 a6 6. Nd6+ Bxd6 7. Qxd6 Qe7 8.
Qd1 Nf6 9. Nc3 h6 10. Bc4 O-O 11. O-O d6 12. Be3 b5 13. Nd5 Nxd5 14. Bxd5 Bb7
15. Qg4 Kh7 16. Rad1 Na5 17. Bxb7 Nxb7 18. Rd5 Rac8 19. Qe2 Rc6 20. Rfd1 Rfc8
21. c3 Rc4 22. f3 R4c6 23. Qf2 Na5 24. a4 Qb7 25. axb5 axb5 26. Qe2 Nc4 27. Bf2
Qb8 28. b3 Na5 29. Qb2 Ra6 30. Ra1 Qa8 31. Rdd1 b4 32. c4 Qc6 33. Qd2 Raa8 34.
Rac1 Qb7 35. h4 Rab8 36. Qe2 Rc6 37. Rd5 Qc7 38. Rcd1 Nxc4 39. bxc4 Rxc4 40.
Rxd6 b3 41. Qb2 f6 42. Rd7 Qc6 43. R1d6 Qb5 44. Rd5 Qb4 45. Rd2 Rc3 46. R7d3
Rbc8 47. Rxc3 Rxc3 48. Kh2 Qc4 49. h5 Rc1 50. Kg3 Rh1 51. Rd7 Rxh5 52. Be3 Qf1
53. Qc1 Qe2 54. Bd2 b2 55. Qc7 Qe1+ 56. Bxe1 Rg5+ 57. Kf2 b1=Q 58. Bd2 {
rest der partie unleserlich} 1-0

[Event "7th European Individual Senior Champion."]
[Site "Hockenheim, Germany"]
[Date "2007.06.09"]
[Round "8.23"]
[White "Brondum, Eric"]
[Black "Kaminik, Aleksandar"]
[Result "1/2-1/2"]
[WhiteElo "2164"]
[BlackElo "2314"]
[PlyCount "55"]
[EventDate "2007.??.??"]

1. d4 Nf6 2. c4 g6 3. Nc3 Bg7 4. e4 d6 5. Bd2 O-O 6. Be3 c5 7. d5 e6 8. Nf3
exd5 9. cxd5 b5 10. Bxb5 Nxe4 11. Nxe4 Qa5+ 12. Qd2 Qxb5 13. Nxd6 Qxb2 14. Qxb2
Bxb2 15. Rb1 Bc3+ 16. Bd2 Bxd2+ 17. Kxd2 Na6 18. Rhe1 Rd8 19. Nxc8 Raxc8 20.
Rb7 Nc7 21. Rxa7 Nb5 22. Rb7 Rxd5+ 23. Kc1 Nd4 24. Re5 Rd6 25. Ng5 Rf6 26. Ne4
Ra6 27. Ree7 Rf8 28. Ra7 1/2-1/2

[Event "7th European Individual Senior Champion."]
[Site "Hockenheim, Germany"]
[Date "2007.06.09"]
[Round "8.25"]
[White "Fomina, Tatyana"]
[Black "Minz, Michael"]
[Result "1-0"]
[WhiteElo "2231"]
[BlackElo "2159"]
[PlyCount "117"]
[EventDate "2007.??.??"]

1. Nc3 e6 2. d4 d5 3. Bf4 Bd6 4. Qd2 Nf6 5. Bg5 Be7 6. O-O-O Nbd7 7. f3 c6 8.
e4 Qa5 9. Bd3 h6 10. Bxf6 Nxf6 11. Kb1 Bb4 12. Nge2 a6 13. a3 Bxc3 14. Nxc3 b5
15. Nxd5 Qd8 16. Nxf6+ Qxf6 17. e5 Qe7 18. Qb4 Ra7 19. Be4 Bd7 20. Qc5 Qxc5 21.
dxc5 Ke7 22. Rd6 Rc7 23. Rhd1 Rb8 24. c3 a5 25. R1d4 Be8 26. f4 g6 27. Bf3 h5
28. h3 Rcc8 29. Kc2 Rc7 30. Kd2 Rcc8 31. Ke3 Rc7 32. g4 hxg4 33. hxg4 Rcc8 34.
f5 gxf5 35. gxf5 exf5 36. Kf4 Rc7 37. Bh5 Rcb7 38. b4 axb4 39. axb4 Ra8 40.
Kxf5 Ra1 41. Bf3 Rf1 42. Kf4 Ra7 43. Rd1 Rxd1 44. Rxd1 Ra3 45. Rd3 Ra1 46. Rd6
Rc1 47. Bxc6 Bxc6 48. Rxc6 Rxc3 49. Kf5 Rf3+ 50. Ke4 Rb3 51. Rb6 Rxb4+ 52. Kd5
Rb1 53. Rb7+ Ke8 54. c6 Kd8 55. Rxf7 b4 56. c7+ Kc8 57. Kc6 Rc1+ 58. Kb6 b3 59.
e6 1-0

[Event "7th European Individual Senior Champion."]
[Site "Hockenheim, Germany"]
[Date "2007.06.09"]
[Round "8.27"]
[White "Jadrijevic, Ante"]
[Black "Drozdov, Vladimir E"]
[Result "1-0"]
[WhiteElo "2213"]
[BlackElo "2094"]
[PlyCount "147"]
[EventDate "2007.??.??"]

1. d4 Nf6 2. Bf4 g6 3. e3 Bg7 4. Nd2 c5 5. c3 d6 6. h3 Nc6 7. Ngf3 O-O 8. Be2
b6 9. O-O Bb7 10. Re1 Re8 11. Bh2 e5 12. dxe5 dxe5 13. e4 Qe7 14. Qc2 Nh5 15.
a4 Nf4 16. Bf1 Rad8 17. Nc4 Qf6 18. Nfd2 Re7 19. g3 Ne6 20. Ne3 Na5 21. Ng4 Qg5
22. Nf3 Qh5 23. Bg2 Red7 24. Ne3 Ng5 25. Nxg5 Rd2 26. Qb1 Qxg5 27. b4 cxb4 28.
cxb4 Nc6 29. a5 Qf6 30. Ng4 Qd6 31. axb6 axb6 32. b5 Nd4 33. Ra7 Qd7 34. Ne3
Nxb5 35. Rxb7 Qxb7 36. Qxb5 Qc7 37. Nd5 Qc5 38. Qxc5 bxc5 39. g4 Rb8 40. Rc1
Rbb2 41. Bg3 Rbc2 42. Rxc2 Rxc2 43. Bf1 Rc1 44. Ne3 f6 45. Kg2 Bh6 46. Nc4 Kf7
47. f3 Ke6 48. Bf2 Bf8 49. h4 Kd7 50. g5 fxg5 51. Nxe5+ Ke6 52. Nd3 Rc2 53.
hxg5 c4 54. Ne1 Rc1 55. f4 Bb4 56. Nf3 c3 57. Bd3 Kd6 58. Ne1 Ba5 59. Bc2 Ke7
60. f5 Bb4 61. f6+ Kf8 62. e5 Ba3 63. e6 Bd6 64. Kf3 Ba3 65. Ke4 Bd6 66. Kd3
Bb4 67. Kc4 Bd6 68. Kd5 Bb4 69. Bg3 Ba3 70. Bd6+ Bxd6 71. Kxd6 Rxe1 72. e7+ Ke8
73. Ba4+ Kf7 74. Bb3+ 1-0

[Event "7th European Individual Senior Champion."]
[Site "Hockenheim, Germany"]
[Date "2007.06.09"]
[Round "8.28"]
[White "Kock, Hans-Uwe"]
[Black "Estrada Martinez, Cesar"]
[Result "0-1"]
[WhiteElo "2137"]
[BlackElo "2208"]
[PlyCount "132"]
[EventDate "2007.??.??"]

1. d4 c5 2. d5 Nf6 3. c4 b5 4. Nf3 g6 5. Qc2 d6 6. e4 bxc4 7. Bxc4 Bg7 8. O-O
O-O 9. h3 Ba6 10. Na3 Nfd7 11. Bd2 Nb6 12. Bxa6 Nxa6 13. Ba5 Qd7 14. Nd2 Qa4
15. Bc3 Qxc2 16. Nxc2 Bxc3 17. bxc3 Na4 18. c4 Rab8 19. Nb3 Nb4 20. Nxb4 Rxb4
21. Rfc1 Nb6 22. Na5 Ra4 23. Nc6 Re8 24. Rc3 Nxc4 25. f3 Nb6 26. Rb3 Kf8 27. a3
f5 28. Re1 f4 29. h4 c4 30. Rc3 e6 31. dxe6 Rxe6 32. Nd4 Re5 33. Rb1 Rea5 34.
Nb5 d5 35. e5 d4 36. Nxd4 Rxe5 37. Nc6 Re2 38. Rb4 Rxb4 39. axb4 Rb2 40. Ra3
Nc8 41. Rc3 Nd6 42. Ra3 Nb5 43. Ra5 a6 44. Rxa6 c3 45. Ne5 c2 46. Nd3 Rb1+ 47.
Kh2 Rd1 48. Rc6 Rxd3 49. Rxc2 Rd4 50. Rb2 Kf7 51. Kh3 Kf6 52. Kg4 h5+ 53. Kh3
Kf5 54. Kh2 Kf6 55. Kh3 Rd1 56. Kh2 Nd6 57. g4 fxg3+ 58. Kxg3 Rd5 59. Kf4 Rd4+
60. Kg3 Nf5+ 61. Kf2 Rxh4 62. Kg2 Rc4 63. b5 Rc2+ 64. Rxc2 Ne3+ 65. Kg3 Nxc2
66. b6 Nd4 0-1

[Event "7th European Individual Senior Champion."]
[Site "Hockenheim, Germany"]
[Date "2007.06.09"]
[Round "8.29"]
[White "Funk, Paul"]
[Black "Preuss, Flemming"]
[Result "1/2-1/2"]
[WhiteElo "2197"]
[BlackElo "2045"]
[PlyCount "118"]
[EventDate "2007.??.??"]

1. d4 f5 2. Nf3 Nf6 3. c4 g6 4. Nc3 Bg7 5. g3 O-O 6. Bg2 d6 7. O-O Nc6 8. d5
Ne5 9. Qb3 h6 10. Rd1 Kh8 11. Nd4 a6 12. f4 Ned7 13. Qc2 Nc5 14. b4 e5 15. fxe5
dxe5 16. Nf3 Ncd7 17. Bb2 e4 18. Nd4 Ne5 19. Ne6 Bxe6 20. dxe6 Qe7 21. Nd5 Qxe6
22. Nf4 Qxc4 23. Nxg6+ Kg8 24. Qxc4+ Nxc4 25. Bd4 Rf7 26. Rac1 b5 27. Ne5 Nxe5
28. Bxe5 Ng4 29. Bf4 Be5 30. Bxe5 Nxe5 31. Rc5 Re8 32. Rdd5 Rfe7 33. Bh3 c6 34.
Rd6 Rf8 35. Rxh6 Kg7 36. Rd6 Rf6 37. Rd8 Kg6 38. Rg8+ Kf7 39. Ra8 Ke6 40. Rxa6
Rd7 41. Rxb5 Rd2 42. Bf1 f4 43. Rc5 f3 44. Raa5 fxe2 45. Rxe5+ Kd6 46. Bxe2
Rxe2 47. Rf5 Rxf5 48. Rxf5 Rxa2 49. Rf2 Ra1+ 50. Rf1 Ra2 51. Rb1 Ke5 52. b5
cxb5 53. Rxb5+ Kd4 54. g4 e3 55. Rb1 Ke4 56. g5 Kf5 57. h4 Kg4 58. g6 Kxh4 59.
g7 Ra8 1/2-1/2

[Event "7th European Individual Senior Champion."]
[Site "Hockenheim, Germany"]
[Date "2007.06.09"]
[Round "8.30"]
[White "Mueller, Waldemar"]
[Black "Striebich, Rudolf"]
[Result "1-0"]
[WhiteElo "2115"]
[BlackElo "2187"]
[PlyCount "76"]
[EventDate "2007.??.??"]

1. e4 c5 2. Nf3 d6 3. Nc3 e5 4. Bc4 g6 5. d3 Bg7 6. Be3 Nf6 7. h3 O-O 8. Qd2
Nbd7 9. Bh6 Nb6 10. Bb3 Qe7 11. Bg5 Be6 12. Bd5 Bxd5 13. exd5 Qd7 14. Bxf6 Bxf6
15. Ne4 Bg7 16. c4 h6 17. Qc2 f5 18. Ned2 Rae8 19. O-O-O Qe7 20. Rde1 Qf6 21.
Re2 Nc8 22. Rhe1 a6 23. Nh2 b5 24. f4 Nb6 25. fxe5 dxe5 26. Nhf3 Qd6 27. Kb1 b4
28. g4 a5 29. gxf5 gxf5 30. Rg2 Re7 31. Nh4 Rf6 32. Reg1 Ref7 33. Qd1 Kh7 34.
Qh5 Qd7 35. Nhf3 Re7 36. Rg6 Qe8 37. Rxg7+ Kh8 38. Qxe8+ Rxe8 1-0

[Event "7th European Individual Senior Champion."]
[Site "Hockenheim, Germany"]
[Date "2007.06.09"]
[Round "8.32"]
[White "Born, Bernd-Ludger Dr"]
[Black "Siegmund, Rainer"]
[Result "1/2-1/2"]
[WhiteElo "2060"]
[BlackElo "2179"]
[PlyCount "42"]
[EventDate "2007.??.??"]

1. d4 Nf6 2. f4 d5 3. e3 e6 4. Bd3 c5 5. c3 Bd6 6. Ne2 Nc6 7. Nd2 O-O 8. Nf3
cxd4 9. exd4 Bxf4 10. Nxf4 Qd6 11. Ne2 b6 12. O-O a5 13. Re1 Ba6 14. Bxa6 Rxa6
15. Qd3 Raa8 16. Ng3 Rfb8 17. a4 Rb7 18. Ne5 Rab8 19. Qb5 Na7 20. Qe2 Nc6 21.
Qb5 Na7 1/2-1/2

[Event "7th European Individual Senior Champion."]
[Site "Hockenheim, Germany"]
[Date "2007.06.09"]
[Round "8.33"]
[White "Jaenig, Reinhard"]
[Black "Abolina, Arija-solveiga"]
[Result "1-0"]
[WhiteElo "2176"]
[BlackElo "1870"]
[PlyCount "57"]
[EventDate "2007.??.??"]

1. e4 c6 2. d4 d5 3. exd5 cxd5 4. Bd3 Nf6 5. h3 b6 6. c3 e6 7. Nf3 Be7 8. O-O
O-O 9. Ne5 Bb7 10. Re1 Nbd7 11. Bf4 a6 12. Nd2 Nxe5 13. dxe5 Nd7 14. Qh5 g6 15.
Qe2 Bg5 16. Qe3 Bxf4 17. Qxf4 Kg7 18. Nf3 f6 19. exf6+ Rxf6 20. Qd4 Kg8 21. Re3
Qc7 22. Bc2 Raf8 23. Rae1 e5 24. Nxe5 Rxf2 25. Ng4 R2f6 26. Nxf6+ Nxf6 27. Re7
Qg3 28. Rf1 Bc8 29. Rxf6 1-0

[Event "7th European Individual Senior Champion."]
[Site "Hockenheim, Germany"]
[Date "2007.06.09"]
[Round "8.34"]
[White "Ziltener Werner"]
[Black "Feller, Joseph"]
[Result "1/2-1/2"]
[WhiteElo "2075"]
[BlackElo "2174"]
[PlyCount "109"]
[EventDate "2007.??.??"]

1. Nf3 d5 2. d4 Nf6 3. c4 dxc4 4. e3 Bg4 5. Bxc4 e6 6. O-O Nbd7 7. Nc3 c6 8. e4
Be7 9. h3 Bh5 10. Bb3 O-O 11. Bf4 Qb6 12. g4 Bg6 13. Qe2 Bb4 14. Bc2 Qa5 15.
Bd2 Qc7 16. a3 Be7 17. Rac1 Qd8 18. Bf4 h5 19. g5 Ne8 20. Rfd1 Bd6 21. Bxd6
Nxd6 22. h4 Re8 23. Ne5 Nf8 24. Nxg6 fxg6 25. Bb3 Qe7 26. Qf3 Nd7 27. Qh3 Kh7
28. Rd3 Rad8 29. Rcd1 a6 30. Re3 e5 31. d5 c5 32. a4 c4 33. Bc2 Rf8 34. Qe6
Rde8 35. a5 Nc5 36. Qxe7 Rxe7 37. Ne2 Ref7 38. Rf1 Nb5 39. Kg2 Nd4 40. Bd1 Nd3
41. f3 Nxb2 42. Nc3 Nxd1 43. Nxd1 Nb3 44. Nb2 Nxa5 45. Ra3 b6 46. Rxa5 bxa5 47.
Nxc4 a4 48. Nxe5 Rb7 49. Nc6 Rb2+ 50. Kg3 a3 51. Ra1 Rb3 52. Ne5 Re8 53. Kf4
Rf8+ 54. Kg3 Rc8 55. Kf4 1/2-1/2